Nehru (Record no. 138334)

MARC details
000 -LEADER
fixed length control field 00507nam a22001937a 4500
003 - CONTROL NUMBER IDENTIFIER
control field OSt
005 - DATE AND TIME OF LATEST TRANSACTION
control field 20260602113334.0
008 - FIXED-LENGTH DATA ELEMENTS--GENERAL INFORMATION
fixed length control field 260602b |||||||| |||| 00| 0 eng d
020 ## - INTERNATIONAL STANDARD BOOK NUMBER
International Standard Book Number 978-0-143-41902-0
040 ## - CATALOGING SOURCE
Transcribing agency SBCL
082 ## - DEWEY DECIMAL CLASSIFICATION NUMBER
Classification number 920
Item number THA-N
100 ## - MAIN ENTRY--PERSONAL NAME
Personal name Tharoor,Shashi
245 ## - TITLE STATEMENT
Title Nehru
Remainder of title The Invention Of India
260 ## - PUBLICATION, DISTRIBUTION, ETC.
Place of publication, distribution, etc. Haryana
Name of publisher, distributor, etc. Penguin Random House India
Date of publication, distribution, etc. 2012
300 ## - PHYSICAL DESCRIPTION
Extent 226p.
630 ## - SUBJECT ADDED ENTRY--UNIFORM TITLE
General subdivision History & geography
650 ## - SUBJECT ADDED ENTRY--TOPICAL TERM
Topical term or geographic name entry element Biography, genealogy & insignia
942 ## - ADDED ENTRY ELEMENTS (KOHA)
Koha item type BOOK
Holdings
Withdrawn status Lost status Source of classification or shelving scheme Damaged status Not for loan Collection code Home library Current library Date acquired Total Checkouts Full call number Barcode Shelving location Date last seen Cost, replacement price Price effective from Koha item type
    Dewey Decimal Classification     General Collection SB LIBRARY SB LIBRARY 02/06/2026   920 THA-N 143341 GENERAL STACK 02/06/2026 299.00 02/06/2026 BOOK

Powered by Koha